000
00293nam a22001337a 4500
008
181004b xxu||||| |||| 00| 0 eng d
020
_a
9781855064812
041
_a
eng
080
_a
941
100
_a
16
101
_a
HIS
245
_a
The Hunting of Leviathan
_c
Mintz,S.I
942
_2
udc
_c
BK
999
_c
48861
_d
48861